Estadísticas para Máximos goleadores de la Bundesliga 2016-2017

Haz click aquí para intentar la prueba.

Estadísticas generales

  • Esta prueba ha sido intentada 11 veces
  • La puntuación promedio es 5 de 14

Estadísticas de respuestas

GolesNacionalidadEquipoJugador% Correcto
31GabónBorussia DortmundPierre Emerick Aubameyang
100%
30PoloniaBayern MúnichRobert Lewandowski
100%
11MéxicoBayer LeverkusenJavier Hernández
73%
25FranciaColoniaAnthony Modeste
64%
13Países BajosBayern MúnichBajos Arjen Robben
64%
15CroaciaHoffenheimAndrej Kramarić
55%
21AlemaniaRB LeipzigTimo Werner
55%
16AlemaniaWolfsburgoMario Gómez
27%
12Bosnia y HerzegovinaHertha de BerlínVedad Ibišević
9%
11AlemaniaFriburgoFlorian Niederlechner
0%
11AlemaniaBorussia MönchengladbachLars Stindl
0%
15AlemaniaWerder BremenMax Kruse
0%
11AlemaniaHoffenheimSandro Wagner
0%
11AlemaniaWerder BremenSerge Gnabry
0%

Distribución de puntuación

Porcentaje por número respondido

Porcentaje de gente con cada puntuación

Historial de tus puntuaciones

No has intentado esta prueba.